Warrior Cats Names '-heart' - Statistics

General Stats
  • This quiz has been taken 645 times
  • The average score is 6 of 33
Answer Stats
Clan Name % Correct
ThunderClan Fireheart
89%
ThunderClan Brightheart
58%
ThunderClan Lionheart
58%
ShadowClan Tigerheart
44%
ThunderClan Cinderheart
37%
RiverClan Oakheart
36%
ThunderClan Alderheart
30%
ShadowClan Foxheart
25%
WindClan Hawkheart
23%
ShadowClan Cedarheart
18%
ThunderClan Lilyheart
18%
ThunderClan Pineheart
17%
ShadowClan Berryheart
16%
ShadowClan Pebbleheart
14%
ThunderClan Blossomheart
13%
SkyClan Blossomheart
13%
RiverClan Shellheart
13%
SkyClan Stormheart
13%
ShadowClan Ashheart
11%
ShadowClan Grassheart
11%
ShadowClan Mossheart
10%
RiverClan Skyheart
10%
SkyClan Braveheart
8%
SkyClan Brackenheart
7%
RiverClan Lakeheart
6%
ThunderClan Daisyheart
5%
RiverClan Otterheart
5%
WindClan Thistleheart
5%
SkyClan Quailheart
4%
SkyClan Shiningheart
4%
RiverClan Shyheart
4%
RiverClan Splashheart
4%
WindClan Wolfheart
4%
No matching quizzes found
Score Distribution
Percent of People with Each Score
Percentile by Number Answered
Your Score History
You have not taken this quiz